| 000 | 00693cam a2200229 a 4500 | ||
|---|---|---|---|
| 001 | 000008887 | ||
| 005 | 20200929161431.0 | ||
| 008 | 950227s1993 rd a 000 f spa d | ||
| 020 | _a8476832494 | ||
| 040 |
_aDO-SdBNP _bspa _cBNPHU |
||
| 082 |
_a863.64 _bH557c |
||
| 100 | 1 |
_aHernández, Ramón, _d1935- _923439 |
|
| 245 | 1 | 0 |
_aCurriculum vitae / _cRamón Hernández. |
| 260 |
_aMadrid : _bLibertarias, _c1993. |
||
| 300 |
_a485 p. ; _c22 cm. |
||
| 490 | 1 |
_aLos libros del avefénix _v35 |
|
| 490 | 1 | _aNarrativa | |
| 590 | _aInventariado, 2019 / DG | ||
| 650 | 4 |
_aNovela española _91123 |
|
| 650 | 4 |
_aLiteratura española _9632 |
|
| 830 | 0 |
_aLos libros del avefénix ; _v35. _pNarrativa _923440 |
|
| 999 |
_c8656 _d8656 |
||